Introduction to polymer physics / (Record no. 11305)
[ view plain ]
| 000 -LEADER | |
|---|---|
| fixed length control field | 00778pam a2200265 a 4500 |
| 001 - CONTROL NUMBER | |
| control field | 11305 |
| 003 - CONTROL NUMBER IDENTIFIER | |
| rucl marc code | BD-RjUL |
| 005 - DATE AND TIME OF LATEST TRANSACTION | |
| control field | 20211208235113.0 |
| 008 - FIXED-LENGTH DATA ELEMENTS--GENERAL INFORMATION | |
| fixed length control field | 140126s1990 gw a 000 0 eng |
| 020 ## - INTERNATIONAL STANDARD BOOK NUMBER | |
| International Standard Book Number | 0387507779 (U.S.) |
| International Standard Book Number | 3540507779 |
| 035 ## - SYSTEM CONTROL NUMBER | |
| System control number | (BD-RjUL)11354 |
| 040 ## - CATALOGING SOURCE | |
| Original cataloging agency | DLC |
| Transcribing agency | DLC |
| Modifying agency | BD-RjUL |
| Language of cataloging | eng |
| 041 1# - LANGUAGE CODE | |
| Language code of text/sound track or separate title | eng |
| Language code of original | ger |
| 082 00 - DEWEY DECIMAL CLASSIFICATION NUMBER | |
| Classification number | 547.7 |
| Edition number | 20 |
| Author mark and year | EII 1990 |
| 100 1# - MAIN ENTRY--PERSONAL NAME | |
| Personal name | Eisele, Ulrich |
| Dates associated with a name | 1938- |
| 9 (RLIN) | 34965 |
| 245 10 - TITLE STATEMENT | |
| Title | Introduction to polymer physics / |
| Statement of responsibility, etc. | Ulrich Eisele. |
| 260 ## - PUBLICATION, DISTRIBUTION, ETC. (IMPRINT) | |
| Place of publication, distribution, etc. | Berlin ; New York : |
| Name of publisher, distributor, etc. | Springer-Verlag, |
| Date of publication, distribution, etc. | c1990. |
| 300 ## - PHYSICAL DESCRIPTION | |
| Pagination | ix, 176 p. : |
| Illustrations | ill. ; |
| Size | 24 cm. |
| 500 ## - GENERAL NOTE | |
| General note | "Translated from the German by Stephen D. Pask"--T.p. verso. |
| 650 #0 - SUBJECT ADDED ENTRY--TOPICAL TERM | |
| Topical term or geographic name as entry element | Polymers. |
| 9 (RLIN) | 34966 |
| 942 ## - ADDED ENTRY ELEMENTS (KOHA) | |
| Source of classification or shelving scheme | Dewey Decimal Classification |
| Koha item type | Books |
| Lost status | Source of classification or shelving scheme | Damaged status | Not for loan | Collection code | Permanent Location | Current Location | Shelving location | Date acquired | Source of acquisition | Cost, normal purchase price | Total Checkouts | Full call number | Date last seen | Copy number | Koha item type |
|---|---|---|---|---|---|---|---|---|---|---|---|---|---|---|---|
| Dewey Decimal Classification | Non-fiction | Central Library, University of Rajshahi | Central Library, University of Rajshahi | 08/10/1996 | Syntax | 38.00 | 547.7 EII 1990 | 26/01/2014 | C-2 | Books | |||||
| Dewey Decimal Classification | Not For Loan | Non-fiction | Central Library, University of Rajshahi | Central Library, University of Rajshahi | Reading Room | 08/10/1996 | syntex | 38.00 | 547.7 EII 1990 | 13/04/2017 | C-1 | Books |